000 01289cam a22003737a 4500
003 CHAP
005 20220329140010.0
008 971013s1995 r 00010 d
010 _a45291
011 _a46263
035 _a50404
040 _cCHAP
090 _aTesis
100 0 0 _aLópez Escobedo, Daniel.
_967852
245 0 _aDiseño de una máquina picadora de nopal para forraje
260 _aChapingo, Méx. :
_bEl autor,
_c1995
300 _a113 h.
_b: ilus. ; anexos
502 _aTesis (Ing. Mecánico Agrícola) -- UACH. Departamento de Ingeniería Mecánica Agrícola
590 _aALEPH
_b10
_c20130110
_lUCH01
_h1315
590 _aBATCH-UPD
_b10
_c20130110
_lUCH01
_h0014
590 _aBATCH-UPD
_b10
_c20130110
_lUCH01
_h1534
590 _aBATCH-UPD
_b10
_c20130409
_lUCH01
_h1951
590 _aBATCH-UPD
_b10
_c20130410
_lUCH01
_h0939
590 _aBATCH-UPD
_b10
_c20130914
_lUCH01
_h1732
590 _aCONVERSION
_b10
_c20130109
_lUCH01
_h1325
650 1 4 _aMaquinaria agrícola
_xDiseño.
_971168
650 1 4 _aNopal como forraje.
_981712
650 1 4 _aPicadoras.
_987944
700 0 _aLozano Armenta, Marcelo.
_968733
901 _aBK
942 _cFOLL
949 _bBC
_cTES
_d-113241
_eTS1
_h30504
_i50404
_si
949 _bBC
_cTES
_d33724000006912
_eTS2
_fc.2
_h30505
_i50404
_si
999 _c45291
_d45291